[Event "1. Bundesliga 2010/2011"]
[Site "Graz"]
[Date "2010.11.19"]
[Round "1"]
[Board "2"]
[White "Gustafsson, Jan"]
[Black "Bogner, Sebastian"]
[Result "1-0"]
[WhiteElo "2647"]
[BlackElo "2541"]
[PlyCount "83"]
[EventDate "2010.11.19"]
[EventType "team"]
[EventRounds "11"]
[EventCountry "AUT"]
[WhiteTeam "SK Sparkasse Jenbach"]
[BlackTeam "SK Hohenems"]

1.d4 d5 2.c4 c6 3.Nc3 Nf6 4.e3 a6 5.Qc2 g6 6.Bd3 Bg7 7.Nf3 O-O 8.O-O dxc4 9.Bxc4
Bf5 10.e4 Bg4 11.Be3 Bxf3 12.gxf3 Nbd7 13.Rad1 e6 14.Kh1 Qa5 15.Rg1 Rac8 16.Be2
Rfd8 17.a3 Qc7 18.b4 a5 19.Qb3 axb4 20.axb4 Nh5 21.Rc1 Qb8 22.Rgd1 Nf4 23.Bf1
Bf8 24.b5 c5 25.d5 exd5 26.Bxf4 Qxf4 27.Nxd5 Qh4 28.f4 Qxf2 29.Bh3 Kh8 30.Rf1
Qh4 31.Bxd7 Rxd7 32.Nb6 Rcd8 33.Nxd7 Rxd7 34.Rcd1 Rc7 35.b6 Re7 36.e5 Bh6 37.Qg3
Qxg3 38.hxg3 Bf8 39.Rd6 Kg8 40.Rfd1 h5 41.Rd7 c4 42.Rc7

[Event "1. Bundesliga 2010/2011"]
[Site "Graz"]
[Date "2010.11.19"]
[Round "1"]
[Board "3"]
[White "Baramidze, David"]
[Black "Gyimesi, Zoltan"]
[Result "1/2-1/2"]
[WhiteElo "2554"]
[BlackElo "2601"]
[PlyCount "103"]
[EventDate "2010.11.19"]
[EventType "team"]
[EventRounds "11"]
[EventCountry "AUT"]
[WhiteTeam "SK Hohenems"]
[BlackTeam "SK Sparkasse Jenbach"]

1.Nf3 d5 2.c4 e6 3.e3 Nf6 4.b3 Be7 5.Bb2 O-O 6.g3 c6 7.Qc2 a5 8.a3 Nbd7 9.d4 Ne4
10.Bg2 b5 11.c5 Ba6 12.b4 Qc7 13.O-O f5 14.Ne1 Bg5 15.Nd3 a4 16.Re1 Rae8 17.f3
Nef6 18.Nc3 h5 19.e4 h4 20.e5 Nh7 21.f4 Be7 22.g4 g6 23.gxf5 gxf5 24.Kh1 Kh8
25.Qe2 Bd8 26.Rg1 Rg8 27.Qh5 Nb8 28.Bf3 Bc8 29.Rg5 Ref8 30.Rag1 Qe7 31.Bc1 Bd7
32.Bd2 Qe8 33.Qxh4 Rg7 34.Qh6 Bxg5 35.fxg5 Qg6 36.Qxg6 Rxg6 37.h4 Rfg8 38.Nf4
R6g7 39.Nh5 Re7 40.Ne2 Be8 41.Kh2 Nd7 42.Nef4 Ndf8 43.Kh3 Ng6 44.Nxg6+ Bxg6
45.Nf4 Nf8 46.h5 Be8 47.Be1 Rh7 48.Bh4 Bg6 49.Kg3 Kg7 50.hxg6 Nxg6 51.Nxg6 Kxg6
52.Rh1

[Event "1. Bundesliga 2010/2011"]
[Site "Graz"]
[Date "2010.11.19"]
[Round "1"]
[Board "4"]
[White "Schlosser, Philipp"]
[Black "Atlas, Valery"]
[Result "1/2-1/2"]
[WhiteElo "2568"]
[BlackElo "2428"]
[PlyCount "91"]
[EventDate "2010.11.19"]
[EventType "team"]
[EventRounds "11"]
[EventCountry "AUT"]
[WhiteTeam "SK Sparkasse Jenbach"]
[BlackTeam "SK Hohenems"]

1.c4 Nf6 2.Nc3 e6 3.d4 Bb4 4.Nf3 b6 5.Bg5 Bb7 6.Nd2 h6 7.Bh4 Nc6 8.e3 O-O 9.Bd3
Be7 10.O-O d5 11.Be2 Ne8 12.Bg3 Bf6 13.cxd5 exd5 14.Rc1 Ne7 15.Qc2 c6 16.b4 Nd6
17.Rfd1 Nef5 18.Be5 Re8 19.Nf3 Re6 20.b5 cxb5 21.Nxb5 Rc8 22.Qb1 Nxb5 23.Bxb5
Nd6 24.Bd3 Ne4 25.Qb2 Be7 26.Nd2 Rxc1 27.Rxc1 Nxd2 28.Qxd2 Rc6 29.Rxc6 Bxc6
30.Qc2 Bb7 31.Qa4 a5 32.h3 Kf8 33.Qc2 Bd6 34.Bxd6+ Qxd6 35.Bb5 g6 36.h4 h5 37.g3
Ke7 38.Kg2 Kd8 39.a4 Qe6 40.Bd3 Qc6 41.Qb3 Qd6 42.Bb5 Ke7 43.Qc3 Kd8 44.Kf1 Bc8
45.Qb3 Bf5 46.Ke2

[Event "1. Bundesliga 2010/2011"]
[Site "Graz"]
[Date "2010.11.19"]
[Round "1"]
[Board "5"]
[White "Baldauf, Marco"]
[Black "Boensch, Uwe"]
[Result "0-1"]
[WhiteElo "2347"]
[BlackElo "2520"]
[PlyCount "120"]
[EventDate "2010.11.19"]
[EventType "team"]
[EventRounds "11"]
[EventCountry "AUT"]
[WhiteTeam "SK Hohenems"]
[BlackTeam "SK Sparkasse Jenbach"]

1.d4 Nf6 2.c4 e6 3.g3 d5 4.Bg2 Be7 5.Nf3 O-O 6.O-O dxc4 7.Qc2 a6 8.Qxc4 b5 9.Qc2
Bb7 10.Bd2 Ra7 11.Rc1 Be4 12.Qb3 Nc6 13.e3 Qa8 14.Qd1 b4 15.Be1 Nb8 16.a3 bxa3
17.bxa3 Nbd7 18.Nc3 Bb7 19.Na4 Be4 20.Ba5 Nd5 21.Ne1 Bxg2 22.Nxg2 e5 23.e4 N5f6
24.f3 exd4 25.Qxd4 Bd6 26.Bb4 Be5 27.Qe3 Rb8 28.Bc3 Rb3 29.f4 Bd6 30.e5 Nd5
31.Qe1 Bc5+ 32.Nxc5 Nxc5 33.Rc2 Rab7 34.Rd1 c6 35.Bd4 Ne6 36.Bf2 Rb8 37.Rdc1 Ne7
38.Qe4 g6 39.Ne3 c5 40.Qxa8 Rxa8 41.Ng4 Nd4 42.Bxd4 cxd4 43.Rc7 Nd5 44.Nf6+ Nxf6
45.exf6 Re8 46.g4 Rxa3 47.Re7 Re3 48.Rcc7 R3xe7 49.Rxe7 Ra8 50.Rd7 a5 51.Rxd4 a4
52.Rd2 a3 53.Ra2 Kf8 54.Kf2 Ke8 55.Kf3 Ra4 56.g5 Kd7 57.h4 Ke6 58.Kg4 Kd5 59.h5
Kc4 60.Ra1 Kb3

[Event "1. Bundesliga 2010/2011"]
[Site "Graz"]
[Date "2010.11.19"]
[Round "1"]
[Board "6"]
[White "Lehner, Oliver"]
[Black "Froewis, Georg"]
[Result "1/2-1/2"]
[WhiteElo "2431"]
[BlackElo "2284"]
[PlyCount "86"]
[EventDate "2010.11.19"]
[EventType "team"]
[EventRounds "11"]
[EventCountry "AUT"]
[WhiteTeam "SK Sparkasse Jenbach"]
[BlackTeam "SK Hohenems"]

1.c4 e6 2.Nf3 d5 3.d4 Nf6 4.Nc3 c6 5.Qd3 dxc4 6.Qxc4 b5 7.Qd3 Bb7 8.a3 a6 9.e4
c5 10.Bg5 Qb6 11.Bxf6 gxf6 12.Be2 Nd7 13.dxc5 Bxc5 14.O-O Rd8 15.b4 Bd6 16.Qd2
h5 17.Rac1 Ne5 18.Qa2 Ke7 19.Qb3 Nxf3+ 20.Bxf3 Bb8 21.Ne2 h4 22.Rc5 Rc8 23.Rfc1
Bd6 24.Rxc8 Rxc8 25.Rd1 Bb8 26.e5 Bxe5 27.Qd3 Qc7 28.Bxb7 Qxb7 29.f4 Bb8 30.Kf1
Qc7 31.Qh3 Ba7 32.Qxh4 Qb6 33.Qg3 Rd8 34.Rc1 Qe3 35.Rc7+ Kf8 36.Qxe3 Bxe3 37.g3
Rd6 38.Rc3 Bb6 39.g4 Rd1+ 40.Kg2 Rd2 41.Kf1 Rd1+ 42.Kg2 Rd2 43.Kf1 Rd1+

[Event "1. Bundesliga 2010/2011"]
[Site "Graz"]
[Date "2010.11.19"]
[Round "1"]
[Board "1"]
[White "Kurnosov, Igor"]
[Black "Bosiocic, Marin"]
[Result "0-1"]
[WhiteElo "2653"]
[BlackElo "2561"]
[PlyCount "122"]
[EventDate "2010.11.19"]
[EventType "team"]
[EventRounds "11"]
[EventCountry "AUT"]
[WhiteTeam "SK Sparkasse Fuerstenfeld"]
[BlackTeam "ASVOE Signum Siebdruck St.Veit"]

1.e4 c5 2.Nf3 e6 3.d4 cxd4 4.Nxd4 Nc6 5.Nc3 Qc7 6.Be3 a6 7.Qd2 Nf6 8.O-O-O Bb4
9.f3 O-O 10.Kb1 d5 11.Nxc6 bxc6 12.e5 Bxc3 13.Qxc3 Nd7 14.h4 a5 15.h5 Ba6 16.g4
c5 17.f4 Rfb8 18.g5 Bxf1 19.Rdxf1 Rb4 20.Bc1 Rab8 21.a3 R4b5 22.g6 fxg6 23.hxg6
hxg6 24.Rh8+ Kf7 25.Rfh1 a4 26.Qg3 Nf8 27.f5 exf5 28.Rxf8+ Kxf8 29.Rh8+ Ke7
30.Rh7 Qb6 31.b3 Rxb3+ 32.cxb3 Qxb3+ 33.Qxb3 Rxb3+ 34.Kc2 Ke6 35.Rxg7 Kxe5
36.Rxg6 d4 37.Ra6 Rc3+ 38.Kd2 Rh3 39.Rxa4 Ke4 40.Kc2 f4 41.Ra8 Rh2+ 42.Bd2 f3
43.Rf8 f2 44.a4 c4 45.a5 c3 46.a6 f1=Q 47.Rxf1 Rxd2+ 48.Kb3 Rb2+ 49.Kc4 Ke3
50.Rh1 c2 51.a7 Ra2 52.Rh3+ Kd2 53.Rh2+ Ke3 54.Rh3+ Ke2 55.Rh2+ Kf3 56.Rh1 Rxa7
57.Kd3 Rc7 58.Rf1+ Kg2 59.Rc1 Kf2 60.Kd2 Rc3 61.Ra1 c1=Q+

[Event "1. Bundesliga 2010/2011"]
[Site "Graz"]
[Date "2010.11.19"]
[Round "1"]
[Board "4"]
[White "Hoelzl, Franz"]
[Black "Pinter, Jozsef"]
[Result "1/2-1/2"]
[WhiteElo "2336"]
[BlackElo "2521"]
[PlyCount "62"]
[EventDate "2010.11.19"]
[EventType "team"]
[EventRounds "11"]
[EventCountry "AUT"]
[WhiteTeam "ASVOE Signum Siebdruck St.Veit"]
[BlackTeam "SK Sparkasse Fuerstenfeld"]

1.Nf3 Nf6 2.c4 e6 3.Nc3 d5 4.d4 c6 5.Bg5 Nbd7 6.e3 Qa5 7.cxd5 Nxd5 8.Rc1 Bb4
9.a3 Bxc3+ 10.bxc3 b6 11.Qd2 c5 12.Bd3 h6 13.Bh4 Ba6 14.O-O O-O 15.Bxa6 Qxa6
16.e4 Nc7 17.d5 exd5 18.exd5 Qc4 19.d6 Nd5 20.Rfe1 Rfe8 21.Be7 Nf4 22.Re3 Qd5
23.Qc2 c4 24.Qe4 Qxe4 25.Rxe4 Ng6 26.Rxc4 Nxe7 27.Rc7 Nc5 28.dxe7 Ne6 29.Rb7 Nc5
30.Rc7 Na6 31.Rb7 Nc5

[Event "1. Bundesliga 2010/2011"]
[Site "Graz"]
[Date "2010.11.19"]
[Round "1"]
[Board "5"]
[White "Kilgus, Georg"]
[Black "Kaspret, Guido"]
[Result "1/2-1/2"]
[WhiteElo "2375"]
[BlackElo "2291"]
[PlyCount "99"]
[EventDate "2010.11.19"]
[EventType "team"]
[EventRounds "11"]
[EventCountry "AUT"]
[WhiteTeam "SK Sparkasse Fuerstenfeld"]
[BlackTeam "ASVOE Signum Siebdruck St.Veit"]

1.Nf3 g6 2.c4 Bg7 3.Nc3 c5 4.g3 Nc6 5.Bg2 h5 6.O-O Nh6 7.d3 Nf5 8.h3 d6 9.a3 Bd7
10.Rb1 Qc8 11.Kh2 Ncd4 12.Ne1 Be5 13.f4 Bg7 14.e4 Nh6 15.Ne2 b5 16.Nc2 Nb3
17.Be3 Rb8 18.cxb5 Bxb5 19.Rf2 Bd7 20.d4 h4 21.g4 Bxg4 22.hxg4 Nxg4+ 23.Kg1 Nxe3
24.Nxe3 cxd4 25.Nf1 Qc4 26.Rf3 Nc5 27.Rc1 Qa6 28.b4 Nxe4 29.Qd3 Qb7 30.Nxd4 Qb6
31.Qxe4 Qxd4+ 32.Qxd4 Bxd4+ 33.Kh2 O-O 34.Rd3 Bf6 35.Ne3 e6 36.Rc7 a5 37.bxa5 d5
38.a6 Rb6 39.a7 Ra6 40.Nxd5 exd5 41.Bxd5 g5 42.Kh3 gxf4 43.Kg4 Bb2 44.Rb3 Bd4
45.Rbb7 Kg7 46.Bxf7 Kh6 47.Rd7 f3 48.Kxf3 Rxa3+ 49.Kg4 Rg3+ 50.Kf4

[Event "1. Bundesliga 2010/2011"]
[Site "Graz"]
[Date "2010.11.19"]
[Round "1"]
[Board "6"]
[White "Hebesberger, Thomas"]
[Black "Radnetter, Georg"]
[Result "1/2-1/2"]
[WhiteElo "2336"]
[BlackElo "2290"]
[PlyCount "66"]
[EventDate "2010.11.19"]
[EventType "team"]
[EventRounds "11"]
[EventCountry "AUT"]
[WhiteTeam "ASVOE Signum Siebdruck St.Veit"]
[BlackTeam "SK Sparkasse Fuerstenfeld"]

1.c4 e5 2.g3 Nf6 3.Bg2 d5 4.cxd5 Nxd5 5.Nf3 Nc6 6.O-O Nb6 7.d3 Be7 8.a3 O-O
9.Nbd2 Be6 10.b4 f6 11.Qc2 a5 12.b5 Na7 13.Rb1 c6 14.bxc6 Nxc6 15.Ne4 Rb8 16.Nc5
Bxc5 17.Qxc5 Nd7 18.Qd6 Qe7 19.Qxe7 Nxe7 20.a4 b6 21.Ba3 Kf7 22.Nd2 Nc5 23.Bxc5
bxc5 24.Ne4 Nd5 25.Rfc1 Rb4 26.Nxc5 Nc3 27.Rxb4 axb4 28.Rc2 Rc8 29.Nxe6 Kxe6
30.Rb2 Rb8 31.a5 Na4 32.Rb1 Nc3 33.Rb2 Na4

[Event "1. Bundesliga 2010/2011"]
[Site "Graz"]
[Date "2010.11.19"]
[Round "1"]
[Board "1"]
[White "Bartel, Mateusz"]
[Black "Miroshnichenko, Evgenij"]
[Result "1/2-1/2"]
[WhiteElo "2638"]
[BlackElo "2670"]
[PlyCount "102"]
[EventDate "2010.11.19"]
[EventType "team"]
[EventRounds "11"]
[EventCountry "AUT"]
[WhiteTeam "SK Advisory Invest Baden"]
[BlackTeam "ASVOE Wulkaprodersdorf"]

1.d4 Nf6 2.c4 e6 3.Nf3 d5 4.Nc3 Bb4 5.a3 Bxc3+ 6.bxc3 Ne4 7.Nd2 Nxd2 8.Bxd2 Nc6
9.e3 Na5 10.cxd5 exd5 11.Bd3 Be6 12.Rb1 b6 13.Qh5 g6 14.Qe5 O-O 15.h4 Re8 16.Qf4
Qd7 17.h5 Bf5 18.hxg6 Bxg6 19.Qg3 Kf8 20.e4 dxe4 21.Bb5 c6 22.Bh6+ Kg8 23.Be2
Qe6 24.O-O Nc4 25.a4 Nd6 26.Bg4 Qe7 27.Bf4 Rad8 28.Rfe1 f6 29.Rbc1 Kh8 30.Qh3
Qf7 31.Qh2 Nc4 32.Re2 Re7 33.Rce1 Rde8 34.Qh4 a5 35.Bh3 Bh5 36.g4 Bg6 37.g5 f5
38.Bf1 Qd5 39.Qg3 Kg8 40.Rb1 e3 41.Bg2 exf2+ 42.Rxf2 Qd7 43.Bf1 Re1 44.Rxe1 Rxe1
45.Re2 Rxe2 46.Bxe2 Bf7 47.g6 hxg6 48.Bxc4 Bxc4 49.Qxg6+ Qg7 50.Qxg7+ Kxg7
51.Bc7 b5

[Event "1. Bundesliga 2010/2011"]
[Site "Graz"]
[Date "2010.11.19"]
[Round "1"]
[Board "3"]
[White "Socko, Bartosz"]
[Black "Kraemer, Martin"]
[Result "1-0"]
[WhiteElo "2660"]
[BlackElo "2506"]
[PlyCount "73"]
[EventDate "2010.11.19"]
[EventType "team"]
[EventRounds "11"]
[EventCountry "AUT"]
[WhiteTeam "SK Advisory Invest Baden"]
[BlackTeam "ASVOE Wulkaprodersdorf"]

1.e4 c5 2.Nf3 d6 3.d4 cxd4 4.Nxd4 Nf6 5.Nc3 Nc6 6.Bg5 e6 7.Qd2 Be7 8.O-O-O O-O
9.f4 Nxd4 10.Qxd4 h6 11.Bh4 Qa5 12.Bc4 e5 13.fxe5 dxe5 14.Qd3 Bg4 15.Bxf6 Bxf6
16.Rdf1 Rac8 17.Bb3 Be6 18.Kb1 Qc5 19.Rf3 Rcd8 20.Nd5 Bh4 21.g3 Be7 22.Qd2 Kh8
23.Rd3 Rd7 24.Rd1 Bg4 25.Re1 Rfd8 26.Qg2 Be6 27.Qf3 Rf8 28.Red1 Bd8 29.Rc3 Qa5
30.Ne3 Rxd1+ 31.Qxd1 Bb6 32.Bxe6 fxe6 33.a3 Bd4 34.Rb3 Qc5 35.Qe2 Qc6 36.Ng4 h5
37.Nxe5

[Event "1. Bundesliga 2010/2011"]
[Site "Graz"]
[Date "2010.11.19"]
[Round "1"]
[Board "4"]
[White "Polzin, Rainer"]
[Black "Balogh, Csaba"]
[Result "0-1"]
[WhiteElo "2494"]
[BlackElo "2601"]
[PlyCount "82"]
[EventDate "2010.11.19"]
[EventType "team"]
[EventRounds "11"]
[EventCountry "AUT"]
[WhiteTeam "ASVOE Wulkaprodersdorf"]
[BlackTeam "SK Advisory Invest Baden"]

1.e4 e5 2.Nf3 Nc6 3.Bb5 Nf6 4.Qe2 Bc5 5.c3 O-O 6.d3 d6 7.O-O Bb6 8.Bg5 h6 9.Bh4
g5 10.Bg3 Nh5 11.Nfd2 Nf4 12.Bxf4 gxf4 13.Nc4 Ne7 14.Nxb6 axb6 15.d4 Ng6 16.dxe5
Nxe5 17.f3 Be6 18.Nd2 Qg5 19.Kh1 Kh7 20.Rf2 Rg8 21.Bc4 Nxc4 22.Nxc4 Qc5 23.Na3
Rg5 24.Qd2 Rh5 25.Nc2 Qg5 26.g3 fxg3 27.Qxg5 hxg5 28.Rg2 Rxh2+ 29.Rxh2+ gxh2
30.a3 d5 31.Nd4 dxe4 32.fxe4 Re8 33.Kxh2 Bd7 34.Re1 Bc6 35.e5 Kg6 36.Kg3 f5
37.e6 Be4 38.Nb5 c6 39.Nd6 Rxe6 40.Nxb7 f4+ 41.Kf2 g4

[Event "1. Bundesliga 2010/2011"]
[Site "Graz"]
[Date "2010.11.19"]
[Round "1"]
[Board "6"]
[White "Berczes, David"]
[Black "Turov, Maxim"]
[Result "1/2-1/2"]
[WhiteElo "2535"]
[BlackElo "2635"]
[PlyCount "132"]
[EventDate "2010.11.19"]
[EventType "team"]
[EventRounds "11"]
[EventCountry "AUT"]
[WhiteTeam "ASVOE Wulkaprodersdorf"]
[BlackTeam "SK Advisory Invest Baden"]

1.Nf3 Nf6 2.c4 e6 3.d4 d5 4.g3 Bb4+ 5.Bd2 Bd6 6.Bg2 O-O 7.O-O dxc4 8.Ne5 c5
9.Nxc4 cxd4 10.Ba5 Bc7 11.Bxc7 Qxc7 12.Qxd4 Rd8 13.Qf4 Qxf4 14.gxf4 Nc6 15.e3
Bd7 16.Nc3 Kf8 17.Rfd1 Ke7 18.Nd6 Rab8 19.Rd2 Ne8 20.Nde4 Bc8 21.Rxd8 Nxd8
22.Rd1 a6 23.Ne2 b6 24.Nd4 Bb7 25.Rc1 Rc8 26.Rxc8 Bxc8 27.Nc3 Bd7 28.Be4 h6
29.Nf3 f6 30.Bd3 Nc7 31.Nd2 Nb7 32.b4 Nd6 33.Nc4 Nxc4 34.Bxc4 a5 35.a3 Bc6
36.Kf1 Kd6 37.Ke2 e5 38.fxe5+ fxe5 39.Bd3 g5 40.f3 axb4 41.axb4 Nd5 42.Nxd5 Bxd5
43.Kf2 e4 44.fxe4 Be6 45.Kg3 Ke5 46.h4 Bd7 47.hxg5 hxg5 48.Kf3 Bc6 49.Kg4 Bxe4
50.Bb5 Kf6 51.Bd7 Bc2 52.Kf3 Bf5 53.Bc6 Ke5 54.Ba4 Bd3 55.Kg4 Kf6 56.Kf3 Bf5
57.Kg3 Be6 58.Kf3 Ke5 59.Bc2 Bf5 60.Ba4 Bd3 61.Kg4 Ke4 62.Kxg5 Kxe3 63.Bd7 Bf1
64.Be8 Kd4 65.Kf4 Kc4 66.Ke3 Kxb4

[Event "1. Bundesliga 2010/2011"]
[Site "Graz"]
[Date "2010.11.19"]
[Round "1"]
[Board "1"]
[White "Lanka, Zigurds"]
[Black "Ragger, Markus"]
[Result "0-1"]
[WhiteElo "2477"]
[BlackElo "2614"]
[PlyCount "56"]
[EventDate "2010.11.19"]
[EventType "team"]
[EventRounds "11"]
[EventCountry "AUT"]
[WhiteTeam "Mayrhofen/Zillertal"]
[BlackTeam "SK MPOE Maria Saal"]

1.Nf3 d5 2.c4 c6 3.e3 Nf6 4.Nc3 a6 5.b3 Bg4 6.h3 Bxf3 7.Qxf3 e6 8.Bb2 Nbd7 9.Qg3
Nc5 10.cxd5 cxd5 11.d3 d4 12.exd4 Qxd4 13.Qe3 Qb4 14.Qd2 Rc8 15.Be2 Bd6 16.O-O
Nd5 17.g3 Be5 18.Rac1 O-O 19.a3 Bxc3 20.Bxc3 Qxa3 21.Bxg7 Kxg7 22.Rc4 Kh8 23.Qh6
Nd7 24.Rfc1 Rxc4 25.dxc4 N5f6 26.Rd1 Rg8 27.Rd3 Qc5 28.Rf3 Qg5

[Event "1. Bundesliga 2010/2011"]
[Site "Graz"]
[Date "2010.11.19"]
[Round "1"]
[Board "2"]
[White "Pavasovic, Dusko"]
[Black "Maiwald, Jens-Uwe"]
[Result "1-0"]
[WhiteElo "2578"]
[BlackElo "2468"]
[PlyCount "55"]
[EventDate "2010.11.19"]
[EventType "team"]
[EventRounds "11"]
[EventCountry "AUT"]
[WhiteTeam "SK MPOE Maria Saal"]
[BlackTeam "Mayrhofen/Zillertal"]

1.e4 c5 2.c3 Nf6 3.e5 Nd5 4.Nf3 Nc6 5.d4 cxd4 6.cxd4 d6 7.Bc4 Nb6 8.Bb3 dxe5
9.d5 Na5 10.Nc3 Bg4 11.Be3 Nxb3 12.Qxb3 Bxf3 13.gxf3 g6 14.O-O-O Bg7 15.Kb1 O-O
16.Ne4 Qd7 17.d6 exd6 18.Bxb6 axb6 19.Rxd6 Qh3 20.Rxb6 Ra7 21.a3 Qg2 22.Rc1 Qxh2
23.Rc7 Qf4 24.Rd6 Ra6 25.Rdd7 Rc6 26.Rxb7 Qc1+ 27.Ka2 Qc2 28.Nd6

[Event "1. Bundesliga 2010/2011"]
[Site "Graz"]
[Date "2010.11.19"]
[Round "1"]
[Board "3"]
[White "Gross, David"]
[Black "Buhmann, Rainer"]
[Result "1/2-1/2"]
[WhiteElo "2453"]
[BlackElo "2590"]
[PlyCount "110"]
[EventDate "2010.11.19"]
[EventType "team"]
[EventRounds "11"]
[EventCountry "AUT"]
[WhiteTeam "Mayrhofen/Zillertal"]
[BlackTeam "SK MPOE Maria Saal"]

1.e4 e6 2.d4 d5 3.Nc3 Nf6 4.Bg5 dxe4 5.Nxe4 Nbd7 6.Nf3 Be7 7.Nxf6+ Bxf6 8.h4 O-O
9.Bd3 c5 10.Qe2 cxd4 11.Qe4 Qa5+ 12.b4 Qf5 13.Qxf5 exf5 14.O-O-O a5 15.b5 g6
16.Bxf6 Nxf6 17.Nxd4 Rd8 18.c3 Be6 19.Kb2 Rac8 20.Rhe1 Bd5 21.f3 Nd7 22.Bc2 Nb6
23.Bb3 Kf8 24.Nc2 a4 25.Bxd5 Rxd5 26.Rxd5 Nxd5 27.Nb4 a3+ 28.Kxa3 Rxc3+ 29.Kb2
Rc5 30.Nxd5 Rxb5+ 31.Kc3 Rxd5 32.a4 Rc5+ 33.Kb3 Rc6 34.f4 Re6 35.Rxe6 fxe6
36.Kc4 Ke7 37.Kc5 Kd7 38.Kb6 Kc8 39.a5 Kb8 40.Kc5 Ka7 41.Kb5 h6 42.g3 Kb8 43.Kb6
Kc8 44.Kb5 e5 45.fxe5 g5 46.hxg5 hxg5 47.Kc5 Kd7 48.Kb6 f4 49.gxf4 gxf4 50.e6+
Kxe6 51.Kxb7 f3 52.a6 f2 53.a7 f1=Q 54.a8=Q Qf3+ 55.Kb8 Qxa8+

[Event "1. Bundesliga 2010/2011"]
[Site "Graz"]
[Date "2010.11.19"]
[Round "1"]
[Board "4"]
[White "Kreisl, Robert"]
[Black "Platzgummer, Fabian"]
[Result "1/2-1/2"]
[WhiteElo "2394"]
[BlackElo "2311"]
[PlyCount "62"]
[EventDate "2010.11.19"]
[EventType "team"]
[EventRounds "11"]
[EventCountry "AUT"]
[WhiteTeam "SK MPOE Maria Saal"]
[BlackTeam "Mayrhofen/Zillertal"]

1.Nf3 d5 2.d4 Nf6 3.c4 dxc4 4.e3 Be6 5.Qc2 c6 6.Bxc4 Bxc4 7.Qxc4 Qa5+ 8.Nbd2 Qa6
9.O-O Qxc4 10.Nxc4 e6 11.Bd2 Nbd7 12.b4 Be7 13.Rfc1 O-O 14.Na5 Rab8 15.Rab1 Rfc8
16.Kf1 Ne4 17.Be1 Bd8 18.Nb3 Bc7 19.Rc2 Bd6 20.Na5 Bc7 21.Nb3 Bd6 22.Rbc1 Rd8
23.Na5 Nb6 24.Nc4 Nxc4 25.Rxc4 a6 26.a4 Kf8 27.R4c2 Ra8 28.h3 Ke8 29.Ke2 Nf6
30.Rb1 h6 31.Bd2 Ke7

[Event "1. Bundesliga 2010/2011"]
[Site "Graz"]
[Date "2010.11.19"]
[Round "1"]
[Board "5"]
[White "Kleissl, Helmut"]
[Black "Schachinger, Mario"]
[Result "1/2-1/2"]
[WhiteElo "2300"]
[BlackElo "2368"]
[PlyCount "65"]
[EventDate "2010.11.19"]
[EventType "team"]
[EventRounds "11"]
[EventCountry "AUT"]
[WhiteTeam "Mayrhofen/Zillertal"]
[BlackTeam "SK MPOE Maria Saal"]

1.Nf3 d5 2.d4 Nf6 3.c4 e6 4.g3 Be7 5.Bg2 O-O 6.O-O dxc4 7.Qa4 a6 8.Qxc4 b5 9.Qc2
Bb7 10.Bf4 Nc6 11.a4 Nb4 12.Qb3 Bd5 13.Qd1 c5 14.dxc5 Bxc5 15.Nc3 Bc6 16.axb5
axb5 17.Qxd8 Rfxd8 18.Ne5 Rxa1 19.Rxa1 Be8 20.Bg5 h6 21.Bxf6 gxf6 22.Nf3 Nc2
23.Rc1 Nd4 24.Nxd4 Bxd4 25.Rd1 Bb6 26.Rxd8 Bxd8 27.Kf1 f5 28.Bb7 Bf6 29.Ba6 b4
30.Na2 b3 31.Nc1 Bxb2 32.Nxb3 Bc6 33.Na5

[Event "1. Bundesliga 2010/2011"]
[Site "Graz"]
[Date "2010.11.19"]
[Round "1"]
[Board "6"]
[White "Halvax, Georg"]
[Black "Tabernig, Bernhard"]
[Result "0-1"]
[WhiteElo "2272"]
[BlackElo "2300"]
[PlyCount "40"]
[EventDate "2010.11.19"]
[EventType "team"]
[EventRounds "11"]
[EventCountry "AUT"]
[WhiteTeam "SK MPOE Maria Saal"]
[BlackTeam "Mayrhofen/Zillertal"]

1.e4 e6 2.d4 d5 3.Nc3 Nf6 4.e5 Nfd7 5.f4 c5 6.Nf3 Nc6 7.Be3 Rb8 8.Qd2 Qa5 9.a3
b5 10.Ra2 b4 11.axb4 Qxb4 12.Be2 cxd4 13.Nxd4 Nxd4 14.Bxd4 Bc5 15.Ra4 Qb6 16.Nb5
O-O 17.b4 Bxd4 18.Qxd4 a6 19.Qd2 axb5 20.Ra3 f6

[Event "1. Bundesliga 2010/2011"]
[Site "Graz"]
[Date "2010.11.19"]
[Round "1"]
[Board "1"]
[White "Farago, Ivan"]
[Black "Teske, Henrik"]
[Result "1/2-1/2"]
[WhiteElo "2448"]
[BlackElo "2525"]
[PlyCount "60"]
[EventDate "2010.11.19"]
[EventType "team"]
[EventRounds "11"]
[EventCountry "AUT"]
[WhiteTeam "ASVOE VHS Poechlarn"]
[BlackTeam "Styria Graz"]

1.d4 d5 2.c4 dxc4 3.Nf3 c6 4.e3 Be6 5.Nbd2 b5 6.a4 Nd7 7.Ng5 Ngf6 8.Nxe6 fxe6
9.g3 Qb6 10.Bh3 e5 11.O-O exd4 12.exd4 Qxd4 13.Qf3 Ne5 14.Qg2 Rd8 15.Nf3 Nxf3+
16.Qxf3 Qd5 17.Qxd5 Nxd5 18.axb5 cxb5 19.Rxa7 Rd6 20.Bg2 e6 21.Re1 Be7 22.Bxd5
Rxd5 23.Rxe6 Rd7 24.Ra8+ Kf7 25.Rxe7+ Rxe7 26.Rxh8 Re1+ 27.Kg2 Rxc1 28.Rb8 Rb1
29.Rxb5 c3 30.Rc5 cxb2

[Event "1. Bundesliga 2010/2011"]
[Site "Graz"]
[Date "2010.11.19"]
[Round "1"]
[Board "2"]
[White "Nanu, Ciprian Costica"]
[Black "Tuncer, Ufuk"]
[Result "1-0"]
[WhiteElo "2515"]
[BlackElo "2289"]
[PlyCount "105"]
[EventDate "2010.11.19"]
[EventType "team"]
[EventRounds "11"]
[EventCountry "AUT"]
[WhiteTeam "Styria Graz"]
[BlackTeam "ASVOE VHS Poechlarn"]

1.d4 Nf6 2.Nf3 g6 3.c4 Bg7 4.g3 O-O 5.Bg2 d6 6.O-O a6 7.Nc3 Nc6 8.Bf4 Bf5 9.Rc1
Ne4 10.Nxe4 Bxe4 11.d5 Bxf3 12.Bxf3 Ne5 13.Bg2 c5 14.dxc6 Nxc6 15.Qd2 Rc8
16.Rfd1 Qb6 17.b3 a5 18.Be3 Qa6 19.Bg5 Rfe8 20.Bh3 Rcd8 21.Bg2 Qb6 22.h4 Qc7
23.h5 Ne5 24.hxg6 hxg6 25.Bd5 Rd7 26.Kg2 e6 27.Be4 f5 28.Bf3 Nf7 29.Be3 Qd8
30.Rh1 Ne5 31.Bg5 Qb6 32.Rh4 Nf7 33.c5 Qa6 34.c6 Rc7 35.cxb7 Rxc1 36.Qxc1 d5
37.Qc7 Qd6 38.Bf4 Be5 39.Bxe5 Qxe5 40.Qd7 Rd8 41.Qe7 Kg7 42.Ra4 Rh8 43.Rxa5 Qa1
44.Qh4 Rb8 45.Ra6 g5 46.Qh5 Qe5 47.g4 f4 48.Rb6 Kf6 49.Qh7 Qc7 50.Qf5+ Kg7
51.Qxe6 Rxb7 52.Rxb7 Qxb7 53.Bxd5

[Event "1. Bundesliga 2010/2011"]
[Site "Graz"]
[Date "2010.11.19"]
[Round "1"]
[Board "3"]
[White "Kostic, Vladimir"]
[Black "Moser, Eva"]
[Result "1/2-1/2"]
[WhiteElo "2448"]
[BlackElo "2425"]
[PlyCount "81"]
[EventDate "2010.11.19"]
[EventType "team"]
[EventRounds "11"]
[EventCountry "AUT"]
[WhiteTeam "ASVOE VHS Poechlarn"]
[BlackTeam "Styria Graz"]

1.Nf3 d5 2.d4 Nf6 3.c4 c6 4.cxd5 cxd5 5.Nc3 Nc6 6.Bf4 e6 7.e3 Bd6 8.Bg3 Ne4
9.Nxe4 dxe4 10.Nd2 f5 11.Bxd6 Qxd6 12.Qh5+ g6 13.Qh6 Bd7 14.a3 Qf8 15.Qf4 Qe7
16.Qh6 Qf8 17.Qxf8+ Rxf8 18.Bb5 Ne7 19.Bxd7+ Kxd7 20.Rc1 Rac8 21.Ke2 Rxc1
22.Rxc1 Rc8 23.Rxc8 Nxc8 24.f3 exf3+ 25.gxf3 Nd6 26.Kd3 g5 27.e4 h5 28.h3 Ke7
29.a4 b6 30.b3 Kd7 31.Ke3 Ke7 32.Kf2 fxe4 33.fxe4 e5 34.Ke3 Nf7 35.d5 Nd6 36.Kf3
Kf6 37.Ke3 Kg6 38.Nf3 Kf6 39.Nd2 Kg6 40.Nf3 Kf6 41.Nd2

[Event "1. Bundesliga 2010/2011"]
[Site "Graz"]
[Date "2010.11.19"]
[Round "1"]
[Board "4"]
[White "Wittmann, Walter"]
[Black "Weinzettl, Ernst"]
[Result "1/2-1/2"]
[WhiteElo "2291"]
[BlackElo "2330"]
[PlyCount "112"]
[EventDate "2010.11.19"]
[EventType "team"]
[EventRounds "11"]
[EventCountry "AUT"]
[WhiteTeam "Styria Graz"]
[BlackTeam "ASVOE VHS Poechlarn"]

1.e4 e6 2.d4 d5 3.Nd2 Be7 4.Ngf3 Nf6 5.Bd3 c5 6.exd5 Qxd5 7.dxc5 Bxc5 8.O-O O-O
9.Qe2 Nc6 10.Ne4 Nxe4 11.Bxe4 Qh5 12.Rd1 f6 13.Be3 Ne5 14.Bxh7+ Kxh7 15.Ng5+ Kg6
16.Qxh5+ Kxh5 17.Bxc5 Rh8 18.Ne4 b6 19.Bd4 Nf7 20.Be3 e5 21.a4 Kg6 22.a5 bxa5
23.Rxa5 Bf5 24.f3 Rab8 25.b3 Rhc8 26.Rd2 Bxe4 27.fxe4 Rc3 28.Re2 Rbc8 29.Ra2 a6
30.Bf2 Ng5 31.Be1 R3c6 32.c3 Ne6 33.g3 Rb8 34.Ra3 Rd8 35.Kf2 Rd3 36.Re3 Rd1
37.b4 Rcd6 38.Ra5 Ng5 39.h4 Nf7 40.c4 Nh6 41.Kf3 Rc1 42.Rd5 Rxd5 43.cxd5 Nf7
44.Bf2 Rc4 45.Ra3 Nd6 46.Rxa6 Nxe4 47.Be1 Rd4 48.Rc6 Kf7 49.b5 f5 50.Rc7+ Kg6
51.b6 Rd3+ 52.Ke2 Rxd5 53.Rc6+ Kh5 54.Rc7 Kg6 55.Rc6+ Kh5 56.Rc7 Kg6